|
003 -Nazwa inst., której nr kontr. jest w polu 001 [,]
|
-
- @
- Nazwa instytucji, której n kontrolny jest w polu 001
- NUKAT
|
|
005 -DATA I CZAS OSTATNIEJ MODYFIKACJI [,]
|
-
- @
- pole kontrolne
- 20241231114212.0
|
|
020 -Międzynarod. znormalizowany nr książki - ISBN [ , ]
|
-
- a
- Numer ISBN
- 9788381079952
-
- q
- Dopowiedzenie
- t. 8 ; całość
|
|
020 -Międzynarod. znormalizowany nr książki - ISBN [ , ]
|
-
- a
- Numer ISBN
- 9788381079983
-
- q
- Dopowiedzenie
- t. 8, cz. 1 i 2
|
|
020 -Międzynarod. znormalizowany nr książki - ISBN [ , ]
|
-
- a
- Numer ISBN
- 9788381079990
-
- q
- Dopowiedzenie
- t. 8, cz. 3 i 4
|
|
020 -Międzynarod. znormalizowany nr książki - ISBN [ , ]
|
-
- a
- Numer ISBN
- 9788381605977
-
- q
- Dopowiedzenie
- t. 8, cz. 1
|
|
020 -Międzynarod. znormalizowany nr książki - ISBN [ , ]
|
-
- a
- Numer ISBN
- 9788381079969
-
- q
- Dopowiedzenie
- t. 8, cz. 2
|
|
020 -Międzynarod. znormalizowany nr książki - ISBN [ , ]
|
-
- a
- Numer ISBN
- 9788381604611
-
- q
- Dopowiedzenie
- t. 8, cz. 3
|
|
020 -Międzynarod. znormalizowany nr książki - ISBN [ , ]
|
-
- a
- Numer ISBN
- 9788381079976
-
- q
- Dopowiedzenie
- t. 8, cz. 4
|
|
020 -Międzynarod. znormalizowany nr książki - ISBN [ , ]
|
-
- a
- Numer ISBN
- 9788327800800
-
|
|
020 -Międzynarod. znormalizowany nr książki - ISBN [ , ]
|
-
- a
- Numer ISBN
- 9788326488146
-
|
|
040 -Instytucja sporządzająca opis [ , ]
|
-
- a
- Instytucja, która sporządziła opis (NP)
- Ł U/ek
-
- b
- Język katalogowania
- pol
-
- e
- Zasady katalogowania
- rda
-
- c
- Instytucja, która sporządziła rekord (NP)
- Ł U/ek
-
- d
- Instytucja, która zmodyfikowała rekord (P)
- Ł U/ek
-
- d
- Instytucja, która zmodyfikowała rekord (P)
- WR U/PAdap
-
- d
- Instytucja, która zmodyfikowała rekord (P)
- GD U/AEKs
|
|
942 -Rodzaj dokumentu [ , ]
|
-
- c
- Rodzaj dokumentu
- Książka
|
|
700 -Hasło dodatkowe - nazwa osobowa [1, ]
|
-
- a
- Nazwa osobowa (NP)
- Skorupka, Jerzy
-
- d
- Daty biograficzne (NP)
- (1960- ).
-
- e
- Określenie rodzaju współpracy
- Redakcja
-
- e
- Określenie rodzaju współpracy
- Autor
-
|
|
700 -Hasło dodatkowe - nazwa osobowa [1, ]
|
-
- a
- Nazwa osobowa (NP)
- Kuczyńska, Hanna.
-
- e
- Określenie rodzaju współpracy
- Autor
-
|
|
700 -Hasło dodatkowe - nazwa osobowa [1, ]
|
-
- a
- Nazwa osobowa (NP)
- Nita-Światłowska, Barbara.
-
- e
- Określenie rodzaju współpracy
- Autor
-
|
|
700 -Hasło dodatkowe - nazwa osobowa [1, ]
|
-
- a
- Nazwa osobowa (NP)
- Rusinek, Michał.
-
- e
- Określenie rodzaju współpracy
- Autor
-
|
|
700 -Hasło dodatkowe - nazwa osobowa [1, ]
|
-
- a
- Nazwa osobowa (NP)
- Hofmański, Piotr
-
- d
- Daty biograficzne (NP)
- (1956- ).
-
- e
- Określenie rodzaju współpracy
- Redakcja
-
|
|
700 -Hasło dodatkowe - nazwa osobowa [1, ]
|
-
- a
- Nazwa osobowa (NP)
- Jasiński, Wojciech.
-
- e
- Określenie rodzaju współpracy
- Autor
-
|
|
710 -Hasło dodatkowe - nazwa ciała zbiorowego [2, ]
|
-
- a
- Nazwa ciała zbiorowego lub nazwa geograficzna jako pierwszy element (NP)
- Wolters Kluwer Polska.
-
- e
- Rodzaj współpracy
- Wydawca
-
-
|
|
920 -ISBN [ , ]
|
-
- a
- ISBN
- 978-83-8107-995-2
-
- q
- Dopowiedzenie
- t. 8 ; całość
|
|
920 -ISBN [ , ]
|
-
- a
- ISBN
- 978-83-8107-998-3
-
- q
- Dopowiedzenie
- t. 8, cz. 1 i 2
|
|
920 -ISBN [ , ]
|
-
- a
- ISBN
- 978-83-8107-999-0
-
- q
- Dopowiedzenie
- t. 8, cz. 3 i 4
|
|
920 -ISBN [ , ]
|
-
- a
- ISBN
- 978-83-8160-597-7
-
- q
- Dopowiedzenie
- t. 8, cz. 1
|
|
920 -ISBN [ , ]
|
-
- a
- ISBN
- 978-83-8107-996-9
-
- q
- Dopowiedzenie
- t. 8, cz. 2
|
|
920 -ISBN [ , ]
|
-
- a
- ISBN
- 978-83-8160-461-1
-
- q
- Dopowiedzenie
- t. 8, cz. 3
|
|
920 -ISBN [ , ]
|
-
- a
- ISBN
- 978-83-8107-997-6
-
- q
- Dopowiedzenie
- t. 8, cz. 4
|
|
920 -ISBN [ , ]
|
-
- a
- ISBN
- 978-83-278-0080-0
-
|
|
920 -ISBN [ , ]
|
-
- a
- ISBN
- 978-83-264-8814-6
-
|